LEADER 01407nam a2200337 u 4500 001 000000031403 003 CaOOAMICUS 005 20150624140455.0 008 971002s1987 it u000 u ita u 035 $a10771226 040 $aPUL(R)$bita 041 1 $aita$heng 100 1 $aKeck, Leander E.$0(OLS)http://pul/name/25075 240 10$aPaul and his letter.$lItaliano.$0(OLS)http://pul/title/43185 245 10$aPaolo e le sue lettere /$cLeander E. Keck ; edizione italiana a cura di Mario Masini. 260 $aBrescia :$bQueriniana,$cc1987. 300 $a146, [12] p.$c24 cm 490 1 $aStrumenti ;$v37 500 $a"Indice biblico": p. [137]-143. 504 $a"Nota bibliografica italiana" : p. [137]-138. 700 1 $aMasini, Mario.$0(OLS)http://pul/name/14080 830 0$aStrumenti (Queriniana) ;$v37.$0(OLS)http://pul/title/142 850 $aPUL 852 $aPUL$W1$xSL Religione 1$y3$m10 C 37$j43374$nBK-PRI$b $qStampati$B43374$CPULBib$Z2$F43374 $H $81 852 $aPUL$W1$xDP1 Fondo S. Lanza$y121$m3 D 86.37$j166501$qFondi$B167105$CPULBib$Z2$F167105 $HLAN2321 $82 941 1 $a8 941 1 $a1 961 $aINV: 55880. 961 $aNota ms. di possesso: Sergio Lanza 996 $6245$aPaolo e le sue lettere$9(OLS)http://pul/title/43186 996 $6260$aBrescia :$bQueriniana$9(OLS)http://pul/publisher/47906 LEADER 01515nam a2200301 u 4500 001 000000048004 003 CaOOAMICUS 005 20070226114940.0 008 000321s2000 it u000 u ita u 020 $a8834305167 035 $a10844018 040 $aIPA$bita$dBAV$dPUL(R) 100 1 $aRadice, Roberto.$0(OLS)http://pul/name/1240 245 11$a"Oikeiosis" :$bricerche sul fondamento del pensiero stoico e sulla sua genesi /$cRoberto Radice ; introduzione di Giovanni Reale. 260 $aMilano :$bVita e pensiero,$c2000. 300 $axxi, 408 p. ;$c22 cm 490 1 $aPubblicazioni del Centro di ricerche di metafisica.$aCollana Temi metafisici e problemi del pensiero antico ;$v77 504 $aBibliografia: p. 347-364. 650 4$aStoici e stoicismo.$0(OLS)http://pul/subject/5133 700 1 $aReale, Giovanni,$d1931-2014.$0(OLS)http://pul/name/667 830 0$aPubblicazioni del Centro di ricerche di metafisica.$pCollana Temi metafisici e problemi del pensiero antico ;$v77.$0(OLS)http://pul/title/828 850 $aPUL 852 $aPUL$W1$xSL Filosofia 2$y80$mPhil A10b 77$j64046$nBK-PRI$b $qStampati altre collocazioni$B64046$CPULBib$Z2$F64046 $H $81 941 1 $a10 961 $aINV: 81441 996 $6020$a8834305167$9(OLS)http://pul/number/60186 996 $6245$a"Oikeiosis" :$bricerche sul fondamento del pensiero stoico e sulla sua genesi$9(OLS)http://pul/title/64636 996 $6260$aMilano :$bVita e pensiero$9(OLS)http://pul/publisher/48016